000 00476nam a2200157Ia 4500
005 20250508155135.0
008 008 250505s9999 xx 000 0 eng d
037 _aBooks to be hide in OPAC
040 _aFEDL
_beng
_cFEDL
041 _aeng
_2eng
084 _a370.19, JOU/O
_qFEDL
245 0 _aJournal of educational sociology: A magazine of theory and practice. V. 35. 1962
300 _a440p.
942 _cHB
_h370.19, JOU/O
999 _c1354593
_d1354593